000 00812nam a22002177a 4500
999 _c3467
_d3467
003 AR-CdUCM
008 190306b ||||| |||| 00| 0 spa d
040 _aMUNICIPALIDAD PROVINCIAL DEL CUSCO
_cBIBLIOTECA MUNICIPAL DEL CUSCO
082 _a987.041 /
_bH53
100 _aHildebrandt, Martha
_911410
245 _aLa lengua de Bolivar :
_b1. léxico /
260 _aCaracas :
_bArte,
_c1974.
300 _a525 paginas ;
_c23 cm.
505 _aGalicismo: El francés de Bolívar -- El ingles de Bolivar -- Los peruanismos Bolivar y el Perú -- Los venezolanismos -- Los latinismos ...
650 _aBolívar, Simón,
_911411
650 _aLenguaje
_95227
650 _aLibertador
_911412
710 _a Oficina Central de Información de la República de Venezuela
_911413
942 _2ddc
_cLIBROS
945 _aacv